Urheiluseurat eläinlogolla - Statistics

Yleistilastot
  • Tätä visaa on pelattu 52 kertaa
    18 viimeisimmän päivityksen jälkeen
  • Keskiarvotulos 5 / 12
Vastaustilastot
Kuvavisa Hint Vastaus % Oikein
M Divari FBT Karhut
100%
Suomi-sarja Haukat
100%
Liiga Pelicans
88%
M Vaahteraliiga Seinäjoki Crocodiles
83%
Liiga Sport
80%
Liiga | Auroraliiga Kärpät
75%
MN F-liiga Happee
67%
M Korisliiga Helsinki Seagulls
67%
mm. Liiga | Auroraliiga | Veikkausliiga | Kansallinen liiga Ilves
67%
M Korisliiga Karhu Basket
67%
M Korisliiga Kobrat
67%
M Ykkönen JJK Jyväskylä
55%
M Mestaruusliiga Kokkolan Tiikerit
50%
M Korisliiga Korihait
50%
Kansallinen liiga Nurmijärven Jalkapalloseura
50%
N Ykköspesis Porin Pesäkarhut
50%
MN Divari SalBa
50%
Suomi-sarja Savonlinnan Pallokerho
50%
M Mestaruusliiga Vammalan Lentopallo
43%
M Mestaruusliiga Karelian Hurmos
40%
Mestis Kiekko-Vantaa
40%
M Ykköspesis Koskenkorvan Urheilijat
40%
N F-liiga | M Divari O2-Jyväskylä
38%
M Vaahteraliiga Helsinki Roosters
33%
Veikkausliiga IFK Mariehamn
33%
M Ykköspesis Jyväskylän Lohi
33%
Suomi-sarja Lempäälän Kisa
33%
N F-liiga SS Rankat Ankat
33%
MN Futsal-Liiga Futsal Mad Max
25%
M Divari Hawks Helsinki
25%
N Korisliiga Kouvottaret
25%
M F-liiga Nokian Kristityt Palloilijat
25%
M Divari Tikkurilan Tiikerit
25%
Suomi-sarja Porvoo Hunters
20%
Suomi-sarja Raahe-Kiekko
20%
N Korisliiga Peli-Karhut
14%
M Futsal-Liiga Akaa Futsal
0%
MN Korisliiga Basketball Club Nokia
0%
MN Vaahteraliiga Helsinki Wolverines
0%
Mestis Iisalmen Peli-Karhut
0%
M Korisliiga Kouvot
0%
N Mestaruusliiga LP Kangasala
0%
MN Aktialiiga Riihimäen Cocks
0%
N Bandyliiga Wiipurin Sudet
0%
Ehtoja vastaavia visoja ei löytynyt
Tulosjakauma
Jokaisen tuloksen saaneiden osuus
Persentiili vastausten määrän mukaan
Tuloshistoriasi
Et ole pelannut tätä visaa sen viimeisimmän päivityksen jälkeen